000 00904nam a2200265 a 4500
001 BRL_1835
005 20190320211405.0
008 070815s1969----mx-b######---#000-0#spa-#
041 _aspa
044 _amx
050 4 _aGF516
_b.N65 1969
100 1 _aNolasco Armas, Margarita
_925865
245 1 0 _aNotas para la antropología social del Noroeste de México
_cMargarita Nolasco Armas.
260 _aMéxico
_bInstituto Nacional de Antropología e Historia
_c1969
300 _a50 p.
_bil., mapas
_c23 cm.
440 0 _aDepartamento de Investigaciones Antropológicas. Publicaciones
_v23
_928000
500 _aAu2041
504 _aBibliografía: p. 49-50
650 1 4 _aGeografía humana
_zMéxico
_928001
650 1 4 _aAntropología social
_zMéxico
_928002
651 4 _aMéxico
_xCondiciones sociales
_9810
651 4 _aMéxico
_xCondiciones económicas
_92842
902 _aGRL
942 _2lcc
_cB
999 _c10643
_d10643